00976nam a2200313 a 450000100060000000300090000600500170001500600150003200800410004701600300008801700540011802000150017203500210018704000280020804100120023608000150024808200170026310000330028024000390031324501190035225000280047126000230049930000210052249000230054349000250056665000190059170000180061083000340062826113CO-ViMGA20230915232147.0bimo0001870432141112s2004 ck r 000 u spa d abimoBNE20030624473 SpMaBN aB 47519 - 2002 Oficina Depósito Legal Barcelona a8426132723 a(OCoLC)427467284 aCO-ViMGAbspacCO-ViMGA aspa swe a087.5 : 8204a839.736 L35h1 aLindgren, Astrid 1907 - 2002 aBröderna Lejonhjärta Español10aLos hermanos Corazón de León / cAstrid Lindgren ; traducción de Lucio Salas ; ilustraciones de Ilon Wikland a1a. ed. en este formato aBarcelona Juventud a227 p. il. 22 cm aColeccion Juventud aColección Juventud14aCuentos suecos1 aWikland, Ilon aJuventud (Editorial Juventud)